Statistiques concernant Vainqueurs coupe des coupes

Cliquez ici pour prendre le quiz!

Statistiques générales

  • Ce quiz a été pris 73 fois
  • Le résultat moyen est 10 sur 39

Statistiques - réponses

AnnéeRéponse% Correct
1996Psg
92%
1984Juventus
58%
1987ajax
52%
1991Manchester United
50%
1994arsenal
47%
1968ac milan
45%
1973ac milan
45%
1998Chelsea
45%
1971Chelsea
45%
1967Bayern Munich
38%
1993parme
35%
1982fc Barcelone
33%
1997fc Barcelone
33%
1979fc Barcelone
33%
1989fc Barcelone
33%
1961fiorentina
30%
1962fiorentina
30%
1970Manchester City
30%
1980valence
30%
1999Lazio Rome
25%
1963tottenham
25%
1992Werder Breme
23%
1978Anderlecht
18%
1976Anderlecht
18%
1966Borussia dortmund
17%
1972glasgow rangers
15%
1995Saragosse
12%
1985Everton
10%
1990Sampdoria
10%
1965west ham
10%
1986dynamo kiev
8%
1975dynamo kiev
8%
1983aberdeen
7%
1988fc malines
7%
1964sporting Portugal
7%
1981dynamo Tbilissi
3%
1977Hambourg sv
3%
1974magdebourg
3%
1969Slovan Bratislava
2%

Distribution des résultats

Percentile par nombre de réponses

% des personnes avec chaque résultat

Votre développement - résultats

Vous n’avez pas pris ce quiz